Statistiken für Die größten Filmhelden

Klicken Sie hier um das Quiz zu spielen!

Allgemein

  • Dieses Quiz wurde 100 mal gespielt
  • Das Durchschnittsergebnis liegt bei 13 aus 50

Antwortstatistiken

PlatzierungHeldFilmJahr% Korrekt
3.James BondJames Bond jagt Dr. No1962
88%
7.Rocky BalboaRocky1976
87%
26.SupermanSuperman1978
85%
2.Indiana JonesJäger des verlorenen Schatzes1981
78%
46.BatmanBatman1989
77%
34.TarzanTarzan, der Affenmensch1932
73%
18.Robin HoodRobin Hood, König der Vagabunden1938
72%
22.SpartacusSpartacus1960
61%
48.TerminatorTerminator 2 - Tag der Abrechnung1991
58%
45.ZorroDie Maske des Zorro1998
57%
10.Lawrence von ArabienLawrence von Arabien1962
56%
14.Han SoloKrieg der Sterne1977
54%
31.Erin BrokovichErin Brokovich2000
51%
13.Oskar SchindlerSchindlers Liste1993
51%
37.Obi-Wan KenobiKrieg der Sterne1977
46%
24.Thelma / LouiseThelma & Louise1991
43%
43.MosesDie zehn Gebote1956
39%
50.MaximusGladiator2000
37%
21.Mahatma GandhiGandhi1982
34%
8.Ellen RipleyAliens - Die Rückkehr1979
29%
16.ShaneMein großer Freund Shane1953
19%
6.Clarice StarlingDas Schweigen der Lämmer1991
14%
1.Atticus FinchWer die Nachtigall stört1962
11%
20.Butch Cassidy / Sundance KidZwei Banditen1969
6%
29.George PattonPatton1970
6%
4.Rick BlaineCasablanca1942
6%
17.Harry CallahanDirty Harry1971
3%
28.Jurymitglied Nr. 8Die zwölf Geschworenen1957
3%
47.Karen SilkwoodSilkwood1983
3%
49.Andrew BeckettPhiladelphia1993
2%
41.Arthur ChippingGoodbye, Mr. Chips1939
2%
39.LassieHeimweh1943
2%
33.Marge GundersonFargo1996
2%
32.Philip MarloweTote schlafen fest1946
2%
19.Virgil TibbsIn der Hitze der Nacht1967
2%
5.Will Kane12 Uhr mittags1952
2%
35.Alvin YorkSergeant York1941
1%
27.Bob Woodward / Carl BernsteinDie Unbestechlichen1976
1%
9.George BaileyIst das Leben nicht schön?1946
1%
11.Jefferson SmithMr. Smith geht nach Washington1939
1%
30.Luke JacksonDer Unbeugsame1967
1%
44.Popeye DoyleFrench Connection1971
1%
23.Terry MalloyDie Faust im Nacken1954
1%
12.Tom JoadFrüchte des Zorns1940
1%
38.Der TrampDer Vagabund und das Kind1921
0%
42.Father FlanaganTeufelskerle1938
0%
40.Frank SerpicoSerpico1973
0%
25.Lou GehringDer große Wurf1942
0%
15.Norma Rae WebsterNorma Rae1979
0%
36.Rooster CogburnDer Marshal1969
0%

Verteilung der Resultate

Perzentil nach korrekt beantworteten Fragen

Anzahl Personen mit jedem Resultat

Ihre Resultats-Entwicklung

Sie haben dieses Quiz noch nicht gespielt